| 000 | 00702nam a22002417i 4500 | ||
|---|---|---|---|
| 003 | URS | ||
| 005 | 20220117094608.0 | ||
| 008 | 170721b xxu||||| |||| 00| 0 eng d | ||
| 020 | _a0847670694 | ||
| 020 | _a0847671070 | ||
| 040 |
_erda _ccollege _beng |
||
| 050 | 0 | 0 |
_aHF 5387 _bB7394 1983 |
| 100 | 1 |
_aBraybrooke, David, _eauthor |
|
| 245 | 1 | 0 |
_aEthics in the world of business/ _cBraybrooke, David |
| 264 | 1 |
_aUSA: _bRowman and Littlefield Publisher, Incorporated, _c[1983] |
|
| 264 | 4 | _c©1983 | |
| 300 |
_aix, 488 pages: _c23 cm. |
||
| 336 |
_2rdacontent _atext |
||
| 338 |
_2rdacarrier _avolume |
||
| 504 | _aIncludes Bibliography and Index | ||
| 650 | _2Business Ethics. | ||
| 942 |
_2lcc _cFR |
||
| 999 |
_c11447 _d11447 |
||